Obce okresu Jeseník - Statistics

General Stats
  • This quiz has been taken 30 times
  • The average score is 18 of 24
Answer Stats
Počet Obyvatel Odpověď % Correct
10 456 Jeseník
100%
2 047 Lipová-lázně
100%
1 190 Vidnava
100%
3 701 Zlaté Hory
100%
1 128 Žulová
100%
2 574 Javorník
94%
2 482 Mikulovice
88%
1 710 Bělá pod Pradědem
81%
2 303 Česká Ves
81%
1 181 Vápenná
81%
336 Bílá Voda
75%
188 Ostružná
75%
1 033 Písečná
69%
539 Černá Voda
63%
623 Supíkovice
63%
469 Uhelná
63%
721 Velká Kraš
63%
846 Bernartice
56%
367 Kobylá nad Vidnavkou
56%
453 Vlčice
56%
659 Skorošice
50%
591 Stará Červená Voda
50%
509 Velké Kunětice
50%
386 Hradec-Nová Ves
44%
No matching quizzes found
Score Distribution
Percent of People with Each Score
Percentile by Number Answered
Your Score History
You have not taken this quiz